00245nam a22000977a 4500040000800000082002600008100002800034245003900062260002600101300002000127 crua a519 JOH 2001 C220 Or. a Montgomery, Douglas C. aDesign and analysis of experiments aphnom penhbruac2003 axii.680p.bill.